[Event "EU-Cup 39th"]
[Site "Vrnjacka Banja"]
[Date "2024.10.23"]
[Round "4.2"]
[White "Roos, Adrian"]
[Black "Gryshko, Vitalii"]
[Result "0-1"]
[WhiteElo "2210"]
[BlackElo "2303"]
[PlyCount "132"]
[EventDate "2024.10.20"]
[EventType "team-swiss"]
[EventRounds "7"]
[EventCountry "SRB"]
[SourceTitle "CB44_2024"]
[Source "Chessbase"]
[SourceDate "2024.10.30"]
[SourceVersion "1"]
[SourceVersionDate "2024.10.30"]
[SourceQuality "1"]
[WhiteTeam "Ostend"]
[BlackTeam "Differdange"]
[WhiteTeamCountry "BEL"]
[BlackTeamCountry "LUX"]

1. Nf3 Nf6 2. g3 b6 3. Bg2 Bb7 4. 0-0 e6 5. c4 Be7 6. Nc3 0-0 7. Re1 d5 8. cxd5 Nxd5 9. e4 Nxc3 10. bxc3 c5 11. d4 cxd4 12. cxd4 Nd7 13. Bb2 Nf6 14. Ne5 Bb4 15. Re3 Rc8 16. Qb3 a5 17. Rd1 Qc7 18. a3 Be7 19. Rc3 Qb8 20. d5 exd5 21. exd5 Bd6 22. Rxc8 Bxc8 23. Nc6 Qc7 24. Re1 Bc5 25. Be5 Re8 26. h3 Bd6 27. Bc3 Rxe1+ 28. Bxe1 Bc5 29. Bd2 Bf5 30. Bf4 Qd7 31. Ne5 Qe7 32. a4 Kf8 33. g4 g5 34. Bg3 Be4 35. Nc6 Qd7 36. Bxe4 Nxe4 37. Kg2 Nf6 38. Ne5 Qxd5+ 39. Qxd5 Nxd5 40. Nd3 Bd4 41. Bd6+ Ke8 42. Ba3 Kd7 43. Kf3 Ke6 44. Bc1 Nc3 45. Bxg5 Kd5 46. Nb2 Ne4 47. Bc1 Nc5 48. h4 Bxb2 49. Bxb2 Nxa4 50. Ba1 b5 51. Kf4 b4 52. Kg5 b3 53. Kh6 b2 54. Bxb2 Nxb2 55. Kxh7 a4 56. h5 a3 57. h6 a2 58. Kg8 a1Q 59. h7 Nd3 60. h8Q Qxh8+ 61. Kxh8 Nxf2 62. Kg7 Ke6 63. g5 Ne4 64. g6 f5 65. Kh7 f4 66. g7 Nf6+ 0-1

[Event "NED-chT 2122"]
[Site "Netherlands"]
[Date "2022.04.02"]
[Round "8.10"]
[White "Driessens, Patrick"]
[Black "Roos, Adrian"]
[Result "0-1"]
[WhiteElo "2273"]
[BlackElo "2315"]
[PlyCount "50"]
[EventDate "2021.09.18"]
[EventType "team-tourn"]
[EventRounds "9"]
[EventCountry "NED"]
[SourceTitle "EXT 2024"]
[Source "ChessBase"]
[SourceDate "2023.10.10"]
[SourceVersion "1"]
[SourceVersionDate "2023.10.10"]
[SourceQuality "1"]
[WhiteTeam "Zuid Limburg"]
[BlackTeam "Sas van Gent"]
[WhiteTeamCountry "NED"]
[BlackTeamCountry "NED"]

1. d4 Nf6 2. c4 e6 3. Nf3 d5 4. cxd5 exd5 5. Nc3 Bb4 6. g3 Ne4 7. Bd2 Nxd2 8. Qxd2 c6 9. a3 Bd6 10. Bg2 0-0 11. 0-0 Nd7 12. e4 dxe4 13. Nxe4 Nf6 14. Nfg5 Be7 15. Rad1 Nd5 16. Nf3 Bg4 17. h3 Bh5 18. Nc5 Qc7 19. g4 Bg6 20. Ne5 Rfe8 21. Nxg6 hxg6 22. Bxd5 cxd5 23. Rc1 Bd6 24. Ne4 Bh2+ 25. Kg2 Qf4 0-1

[Event "NED-chT 2122"]
[Site "Netherlands"]
[Date "2021.11.27"]
[Round "4.4"]
[White "Broekmeulen, Jasper"]
[Black "Roos, Adrian"]
[Result "1-0"]
[WhiteElo "2384"]
[BlackElo "2315"]
[PlyCount "43"]
[EventDate "2021.09.18"]
[EventType "team-tourn"]
[EventRounds "9"]
[EventCountry "NED"]
[SourceTitle "EXT 2023"]
[Source "ChessBase"]
[SourceDate "2022.10.05"]
[SourceVersion "1"]
[SourceVersionDate "2022.10.05"]
[SourceQuality "1"]
[WhiteTeam "Den Bosch HMC"]
[BlackTeam "Sas van Gent"]
[WhiteTeamCountry "NED"]
[BlackTeamCountry "NED"]

1. e4 c5 2. Nf3 d6 3. d4 cxd4 4. Nxd4 Nf6 5. Nc3 a6 6. f4 e5 7. Nf5 Nxe4 8. Nxg7+ Bxg7 9. Nxe4 d5 10. Ng3 Nc6 11. Nh5 Bf8 12. Be2 Rg8 13. fxe5 Nxe5 14. Qxd5 Qxd5 15. Nf6+ Kd8 16. Nxd5 Rxg2 17. Bf4 Bg4 18. Bxg4 Rxg4 19. 0-0-0 Nd7 20. Nb6 Rxf4 21. Rxd7+ Ke8 22. Re1+ 1-0

[Event "NED-chT 1920"]
[Site "Netherlands"]
[Date "2019.11.23"]
[Round "3.2"]
[White "Kuipers, Stefan"]
[Black "Roos, Adrian"]
[Result "1-0"]
[WhiteElo "2443"]
[BlackElo "2308"]
[PlyCount "69"]
[EventDate "2019.09.28"]
[EventType "team-tourn"]
[EventRounds "9"]
[EventCountry "NED"]
[SourceTitle "CBM 193 Extra"]
[Source "ChessBase"]
[SourceDate "2020.01.31"]
[SourceVersion "1"]
[SourceVersionDate "2020.01.31"]
[SourceQuality "1"]
[WhiteTeam "Apeldoorn MuConsult"]
[BlackTeam "Sas van Gent"]
[WhiteTeamCountry "NED"]
[BlackTeamCountry "NED"]

1. e4 c5 2. Nf3 d6 3. d4 cxd4 4. Nxd4 Nf6 5. Nc3 Nc6 6. Bg5 e6 7. Qd3 a6 8. Nxc6 bxc6 9. 0-0-0 Be7 10. Qg3 e5 11. Be2 h6 12. Be3 g5 13. Bc4 Qc7 14. h4 g4 15. f4 gxf3 16. gxf3 Be6 17. Bxe6 fxe6 18. Qg6+ Kd7 19. Na4 Rag8 20. Qf7 Kc8 21. Qxe6+ Kb8 22. Rhg1 Qd7 23. Qc4 Qb7 24. Nc3 Rxg1 25. Bxg1 Nh5 26. Be3 Rf8 27. Bxh6 Rxf3 28. Qe2 Rxc3 29. bxc3 Nf4 30. Bxf4 exf4 31. Qg4 Qb5 32. Qxf4 Qc5 33. Kd2 Kc7 34. Qf5 Qc4 35. Rg1 1-0

[Event "NED-chT 1819"]
[Site "Netherlands"]
[Date "2018.12.15"]
[Round "5.9"]
[White "Broekmeulen, Jasper"]
[Black "Roos, Adrian"]
[Result "1-0"]
[WhiteElo "2373"]
[BlackElo "2304"]
[PlyCount "69"]
[EventDate "2018.09.15"]
[EventType "team-tourn"]
[EventRounds "9"]
[EventCountry "NED"]
[SourceTitle "CBM 187 Extra"]
[Source "ChessBase"]
[SourceDate "2018.11.04"]
[SourceVersion "1"]
[SourceVersionDate "2018.11.04"]
[SourceQuality "1"]
[WhiteTeam "Calder HMC"]
[BlackTeam "Sas van Gent"]
[WhiteTeamCountry "NED"]
[BlackTeamCountry "NED"]

1. e4 c5 2. Nf3 d6 3. d4 cxd4 4. Nxd4 Nf6 5. Nc3 a6 6. f4 e5 7. Nf5 Nxe4 8. Nxg7+ Bxg7 9. Nxe4 d5 10. Ng3 Nc6 11. Nh5 Bf8 12. Qxd5 Qh4+ 13. Ng3 Be6 14. Qe4 f5 15. Qa4 Rd8 16. Be3 Bh6 17. Bd3 Bxf4 18. Bxf4 Rd4 19. Qxd4 exd4 20. 0-0 Rf8 21. Bd6 Rf6 22. Ne2 Bd5 23. Bg3 Qg5 24. Rae1 Kd7 25. Rf4 Kc8 26. Ref1 Ne7 27. Nxd4 Qg7 28. c4 Bf7 29. Nxf5 Nxf5 30. Bxf5+ Kd8 31. Rd1+ Ke8 32. Re4+ Kf8 33. Rd8+ Be8 34. Rdxe8+ Kf7 35. R4e7# 1-0

[Event "BEL-ch"]
[Site "Niel"]
[Date "2017.07.05"]
[Round "5"]
[White "Hovhannisyan, Mher"]
[Black "Roos, Adrian"]
[Result "1-0"]
[WhiteElo "2451"]
[BlackElo "2260"]
[PlyCount "81"]
[EventDate "2017.07.01"]
[EventType "tourn"]
[EventRounds "9"]
[EventCountry "BEL"]
[EventCategory "5"]
[SourceTitle "EXT 2018"]
[Source "ChessBase"]
[SourceDate "2017.10.13"]
[SourceVersion "1"]
[SourceVersionDate "2017.10.13"]
[SourceQuality "1"]

1. Nf3 Nf6 2. g3 b6 3. Bg2 Bb7 4. 0-0 e6 5. c4 g6 6. d3 Bg7 7. e4 d6 8. Nc3 0-0 9. Nh4 Nfd7 10. f4 Nc6 11. Be3 Nd4 12. Nf3 Nxf3+ 13. Bxf3 c5 14. Qd2 Nb8 15. f5 Nc6 16. Bg5 f6 17. Be3 Nd4 18. Bxd4 cxd4 19. Nb5 e5 20. Qb4 Rf7 21. Nxd6 Rd7 22. Nxb7 Rxb7 23. fxg6 hxg6 24. Bg4 Qe7 25. a3 Kf7 26. Qb3 Qc5 27. Qc2 Bh6 28. b4 Qe7 29. c5 bxc5 30. bxc5 Rc7 31. c6 Rb8 32. Qa2+ Kg7 33. Bd7 Be3+ 34. Kh1 Rb5 35. Rab1 Rxb1 36. Rxb1 Rxd7 37. cxd7 Qxd7 38. Rb8 Qg4 39. Qg8+ Kh6 40. Qh8+ Kg5 41. h4+ 1-0

[Event "Flemish-ch"]
[Site "Ghent"]
[Date "2017.05.26"]
[Round "4"]
[White "Roos, Adrian"]
[Black "Beukema, Jasper"]
[Result "1-0"]
[WhiteElo "2249"]
[BlackElo "2233"]
[PlyCount "59"]
[EventDate "2017.05.25"]
[EventType "swiss"]
[EventRounds "7"]
[EventCountry "BEL"]
[SourceTitle "CBM 178 Extra"]
[Source "ChessBase"]
[SourceDate "2017.06.22"]
[SourceVersion "1"]
[SourceVersionDate "2017.06.22"]
[SourceQuality "1"]

1. d4 f5 2. g3 e6 3. Bg2 Nf6 4. Nf3 Be7 5. 0-0 d6 6. c4 0-0 7. Nc3 Ne4 8. Nxe4 fxe4 9. Nd2 d5 10. f3 Nc6 11. fxe4 Rxf1+ 12. Kxf1 dxc4 13. Nf3 b5 14. Be3 Bb7 15. Bh3 Bc8 16. b3 Na5 17. Qc2 Qd6 18. Rd1 Bb7 19. Bf4 Qb6 20. d5 Bc8 21. Nd4 exd5 22. Bxc8 Rxc8 23. exd5 Rf8 24. Kg2 Bd6 25. Ne6 Rf6 26. Ng5 g6 27. Qe4 Qb8 28. Bxd6 Rxd6 29. Qe7 Qf8 30. Qxh7# 1-0

[Event "NED-chT 1617"]
[Site "Netherlands"]
[Date "2017.05.06"]
[Round "9.4"]
[White "Roos, Adrian"]
[Black "Van Foreest, Jorden"]
[Result "0-1"]
[WhiteElo "2290"]
[BlackElo "2615"]
[PlyCount "88"]
[EventDate "2016.09.17"]
[EventType "team-tourn"]
[EventRounds "9"]
[EventCountry "NED"]
[SourceTitle "EXT 2018"]
[Source "ChessBase"]
[SourceDate "2017.10.13"]
[SourceVersion "1"]
[SourceVersionDate "2017.10.13"]
[SourceQuality "1"]
[WhiteTeam "Sas van Gent"]
[BlackTeam "SISSA"]
[WhiteTeamCountry "NED"]
[BlackTeamCountry "NED"]

1. d4 d5 2. c4 c6 3. Nf3 Nf6 4. Nc3 dxc4 5. a4 e6 6. e4 Bb4 7. e5 Nd5 8. Bd2 b5 9. axb5 Bxc3 10. bxc3 cxb5 11. Ng5 Bb7 12. Qh5 Qe7 13. Be2 Nd7 14. 0-0 a5 15. Rfe1 h6 16. Bf3 0-0 17. Ne4 Bc6 18. Nd6 f6 19. Bxd5 Bxd5 20. Nxb5 fxe5 21. Nc7 Ra7 22. Nxd5 exd5 23. dxe5 Qe6 24. Be3 Raa8 25. f4 a4 26. Qd1 a3 27. Qc1 Qe7 28. Qd2 Ra5 29. Reb1 Qe6 30. Rb4 Rfa8 31. Qf2 Qf5 32. Bd4 Nf8 33. Bb6 Ra4 34. Rb5 Ne6 35. g3 a2 36. Qf3 Qd3 37. Qxd3 cxd3 38. Be3 d4 39. cxd4 Nxd4 40. Bxd4 Rxd4 41. Kf2 d2 42. Ke2 d1Q+ 43. Rxd1 Rxd1 44. Kxd1 a1Q+ 0-1

[Event "NED-chT 1617"]
[Site "Netherlands"]
[Date "2017.02.04"]
[Round "6.8"]
[White "Roos, Adrian"]
[Black "Van der Werf, Mark"]
[Result "1-0"]
[WhiteElo "2290"]
[BlackElo "2409"]
[PlyCount "35"]
[EventDate "2016.09.17"]
[EventType "team-tourn"]
[EventRounds "9"]
[EventCountry "NED"]
[SourceTitle "EXT 2018"]
[Source "ChessBase"]
[SourceDate "2017.10.13"]
[SourceVersion "1"]
[SourceVersionDate "2017.10.13"]
[SourceQuality "1"]
[WhiteTeam "Sas van Gent"]
[BlackTeam "Leiden LSG"]
[WhiteTeamCountry "NED"]
[BlackTeamCountry "NED"]

1. d4 Nf6 2. c4 e6 3. Nc3 Bb4 4. e3 0-0 5. Bd3 d5 6. a3 dxc4 7. Bxc4 Bd6 8. Nf3 Nc6 9. h3 a6 10. 0-0 e5 11. d5 Ne7 12. e4 Ng6 13. Be3 h6 14. Re1 Nh7 15. Ne2 Qf6 16. Ng3 Nf4 17. Bxf4 Qxf4 18. Nh5 1-0